| 000 | 01318nam0a22003011 4500 | ||
|---|---|---|---|
| 001 | rc\3230118 | ||
| 005 | 20130115141447.2 | ||
| 021 |
_aRU _bП931-74 |
||
| 035 | _a(NLR Aleph) 007370031 | ||
| 090 |
_a6398080 _c6398080 |
||
| 100 | _a20130115d1974 |||y0rusy50 ca | ||
| 101 | 0 | _arus | |
| 102 | _aRU | ||
| 105 | _aa z ||||| | ||
| 200 | 1 |
_aАвтоматизированные средства изучения океана и перспективы их использования промразведкой _fМ-во рыбного хоз-ва СССР. Центр. науч.-исслед. ин-т информации и техн.-экон. исследований |
|
| 210 |
_aМосква _cБ. и. _d1974 |
||
| 215 |
_a48 с. _cил. _d21 |
||
| 225 | 1 |
_aОбзорная информация _hСерия 9 _iПромысловая океанология _vВып. 2 |
|
| 300 | _aПеред загл. авт.: П.Н. Ерофеев, Е.П. Калмыкова, Л.С. Пономарева | ||
| 320 | _aБиблиогр.: с. 42-48 | ||
| 700 | 1 |
_aЕрофеев _bП. Н. _gПавел Николаевич |
|
| 701 | 1 |
_aКалмыкова _bЕ. П. |
|
| 701 | 1 |
_aПономарева _bЛ. С. |
|
| 801 | 0 |
_aRU _bNLR _gpsbo |
|
| 801 | 1 |
_aRU _bELAR _2rusmarc |
|
| 852 |
_aNLR _jП13/1262 |
||
| 942 | _cBOOK | ||
| 980 | _aNB | ||